Word Ladder: Famous Toms Quiz Stats

 Plays Quiz Updated Aug 31, 2014

Support Sporcle.
Go Orange.
Score 0/25 Timer 03:00
1 Play Today
Clue 5-Letter Word % Correct
▼ 'Cast Away' star Tom _____HANKS
97.1%
Goose callsHONKS
95.1%
Sharpens, as a skillHONES
92.7%
Prepares cookiesBAKES
91.6%
▼'It's Not Unusual' singer Tom ____JONES
90.1%
Motorcycle riderBIKER
88.5%
Traveler on footHIKER
87.9%
▼1970s 'Doctor Who' star Tom _____BAKER
87.7%
Mardi Gras mementosBEADS
85.3%
▼NFL quarterback Tom _____BRADY
84.3%
Pitt, Lidge, and Paisley, e.g.BRADS
84.2%
Underwear and socks companyHANES
84.2%
Betty Crocker rival DuncanHINES
83.1%
Clue 5-Letter Word % Correct
Football snapsHIKES
82.8%
Small and round, like peering eyesBEADY
78.4%
Scuba diving problem, with 'the'BENDS
77.2%
▼Famed Heartbreaker Tom _____PETTY
72%
British comedian HillBENNY
71.9%
Cartoon partner of CecilBEANY
69.6%
Causes of great distress or annoyanceBANES
68.3%
Elaine's last name on 'Seinfeld'BENES
67.9%
The former Mrs. Draper on 'Mad Men'BETTY
56.3%
Filled with stalks of stiff, withered grassBENTY
20.9%
▼Spongebob voice actor Tom _____KENNY
18.3%
Swedish football club located in Linköping: BK ___KENTY
11.9%

Today's Daily Dose

Missing Word
'W' Pairs

Get the Picture
Blume or Cleary

You're not logged in!

Compare scores with friends on all Sporcle quizzes.
OR
Log In

From the Vault

Asian Geography Bunker

by rolftheoaf

Even the biggest geography buffs on Sporcle will have trouble getting 100% in one try.
Remove Ads.
Support Sporcle.
Get the best of Sporcle when you Go Orange. This ad-free experience offers more features, more stats, and more fun while also helping to support Sporcle. Thank you for becoming a member.

Show Comments

Extras

Top Quizzes Today


Score Distribution

Your Account Isn't Verified!

In order to create a playlist on Sporcle, you need to verify the email address you used during registration. Go to your Sporcle Settings to finish the process.

Report this User

Report this user for behavior that violates our Community Guidelines.

Details: